[Event "Verbandsliga Nordbaden 2223"]
[Site "Germany"]
[Date "2023.01.22"]
[Round "5.1"]
[White "Adocchio, Giampiero"]
[Black "Fichter, Fabian"]
[Result "1/2-1/2"]
[WhiteElo "2147"]
[BlackElo "2263"]
[PlyCount "100"]
[EventDate "2022.09.25"]
[EventType "team-tourn"]
[EventRounds "9"]
[EventCountry "GER"]
[SourceTitle "EXT 2024"]
[Source "ChessBase"]
[SourceDate "2023.10.10"]
[SourceVersion "1"]
[SourceVersionDate "2023.10.10"]
[SourceQuality "1"]
[WhiteTeam "Mosbach"]
[BlackTeam "Walldorf II"]
[WhiteTeamCountry "GER"]
[BlackTeamCountry "GER"]

1. d4 d5 2. c4 e6 3. Nc3 Be7 4. cxd5 exd5 5. Bf4 c6 6. e3 Bf5 7. Bd3 Bxd3 8. Qxd3 Nf6 9. Nf3 0-0 10. 0-0 Nbd7 11. h3 Re8 12. Rfc1 Bf8 13. Ne5 Nxe5 14. Bxe5 Bd6 15. Bxd6 Qxd6 16. Rab1 Ne4 17. Nxe4 Rxe4 18. b4 a6 19. a4 f5 20. b5 axb5 21. axb5 f4 22. bxc6 bxc6 23. Rb6 fxe3 24. fxe3 Qg3 25. Rbxc6 Rf8 26. Rc8 Qxe3+ 27. Qxe3 Rxe3 28. Rxf8+ Kxf8 29. Rc5 Re2 30. Rxd5 Ke7 31. Rg5 Kf6 32. Rg4 h5 33. Rf4+ Kg5 34. g3 Rd2 35. h4+ Kh6 36. Kf1 g5 37. hxg5+ Kxg5 38. Kg1 Kg6 39. Re4 Kf5 40. Rh4 Kg6 41. Kf1 Kh6 42. Re4 Kg6 43. Ke1 Rd3 44. Kf2 Kf6 45. Kg2 Kf5 46. Rf4+ Kg5 47. Kh3 Rd2 48. Re4 Kf6 49. Rf4+ Kg6 50. Re4 Kf6 1/2-1/2

[Event "BL2-Sued 2122"]
[Site "Germany"]
[Date "2022.04.30"]
[Round "3.5"]
[White "Fichter, Fabian"]
[Black "Grigoriants, Sergey"]
[Result "1/2-1/2"]
[WhiteElo "2229"]
[BlackElo "2541"]
[PlyCount "30"]
[EventDate "2022.03.05"]
[EventType "team-tourn"]
[EventRounds "10"]
[EventCountry "GER"]
[SourceTitle "EXT 2023"]
[Source "ChessBase"]
[SourceDate "2022.10.05"]
[SourceVersion "1"]
[SourceVersionDate "2022.10.05"]
[SourceQuality "1"]
[WhiteTeam "Walldorf"]
[BlackTeam "Oetigheim"]
[WhiteTeamCountry "GER"]
[BlackTeamCountry "GER"]

1. e4 c5 2. Nf3 d6 3. d4 cxd4 4. Qxd4 Nf6 5. Be2 Nc6 6. Qe3 e6 7. 0-0 Be7 8. Rd1 0-0 9. h3 Qc7 10. c4 Nb4 11. Qb3 d5 12. exd5 exd5 13. Nc3 Bf5 14. Nd4 dxc4 15. Bxc4 Bg6 1/2-1/2

[Event "Pfalz op-A 11th"]
[Site "Neustadt an der Weinstrasse"]
[Date "2020.02.22"]
[Round "3"]
[White "Haack, Kevin"]
[Black "Fichter, Fabian"]
[Result "1/2-1/2"]
[WhiteElo "2104"]
[BlackElo "2263"]
[PlyCount "42"]
[EventDate "2020.02.21"]
[EventType "swiss"]
[EventRounds "9"]
[EventCountry "GER"]
[SourceTitle "CBM 195 Extra"]
[Source "ChessBase"]
[SourceDate "2020.05.31"]
[SourceVersion "1"]
[SourceVersionDate "2020.05.31"]
[SourceQuality "1"]

1. c4 e5 2. g3 Nf6 3. Bg2 d5 4. cxd5 Nxd5 5. Nf3 Nc6 6. 0-0 Nb6 7. Nc3 Be7 8. d3 0-0 9. a3 Re8 10. Be3 Bf8 11. Rc1 Nd4 12. b4 c6 13. Ne4 a5 14. Nxd4 exd4 15. Bg5 Be7 16. Bd2 axb4 17. axb4 Nd5 18. Rc4 Nb6 19. Rc2 Nd5 20. Rc4 Nb6 21. Rc2 Nd5 1/2-1/2

[Event "Pfalz op-A 9th"]
[Site "Neustadt an der Weinstrasse"]
[Date "2018.02.11"]
[Round "4"]
[White "Fichter, Fabian"]
[Black "Parvanyan, Ashot"]
[Result "0-1"]
[WhiteElo "2184"]
[BlackElo "2370"]
[PlyCount "132"]
[EventDate "2018.02.09"]
[EventType "swiss"]
[EventRounds "9"]
[EventCountry "GER"]
[SourceTitle "CBM 182 Extra"]
[Source "ChessBase"]
[SourceDate "2018.02.23"]
[SourceVersion "1"]
[SourceVersionDate "2018.02.23"]
[SourceQuality "1"]

1. e4 e6 2. b3 d5 3. Bb2 Nc6 4. Bb5 dxe4 5. Bxc6+ bxc6 6. Nc3 Qg5 7. g3 Nf6 8. Qe2 a5 9. Nxe4 Nxe4 10. Qxe4 Qd5 11. Qxd5 cxd5 12. a4 f6 13. Ne2 Kf7 14. 0-0 c5 15. Bc3 e5 16. Rfe1 h5 17. h4 Bf5 18. d3 Be7 19. Bd2 Rhd8 20. Bc3 Bd6 21. Rab1 g5 22. hxg5 fxg5 23. Bd2 Be7 24. Nc3 Bf6 25. Nb5 e4 26. Nc7 Ra7 27. Nb5 Raa8 28. Nc7 Rac8 29. dxe4 Bxe4 30. Bxa5 Rd7 31. Rbd1 Rcxc7 32. Bxc7 Rxc7 33. c4 Bc3 34. Re3 Bd4 35. Ree1 Bc2 36. Rc1 Bxb3 37. cxd5 Bxd5 38. Red1 Ra7 39. Rxc5 Bxc5 40. Rxd5 Be7 41. f4 g4 42. Rxh5 Rxa4 43. Rh7+ Kf6 44. Rh4 Kf5 45. Rh5+ Kg6 46. Rb5 Rc4 47. Kf1 Rc5 48. Rb8 Bf6 49. Rg8+ Kf5 50. Rf8 Rc6 51. Ke2 Re6+ 52. Kf2 Re7 53. Kf1 Ke6 54. Ke2 Rd7 55. Ra8 Be7 56. Rg8 Kf5 57. Rg7 Ra7 58. Kd1 Ra1+ 59. Ke2 Ra2+ 60. Kf1 Bd6 61. Ke1 Bb4+ 62. Kd1 Ke4 63. Kc1 Kf3 64. f5 Kxg3 65. f6 Bc3 66. Rg6 Rf2 0-1

[Event "Pfalz op-A 9th"]
[Site "Neustadt an der Weinstrasse"]
[Date "2018.02.10"]
[Round "3"]
[White "Barski, Radoslaw"]
[Black "Fichter, Fabian"]
[Result "1/2-1/2"]
[WhiteElo "2429"]
[BlackElo "2184"]
[PlyCount "84"]
[EventDate "2018.02.09"]
[EventType "swiss"]
[EventRounds "9"]
[EventCountry "GER"]
[SourceTitle "CBM 182 Extra"]
[Source "ChessBase"]
[SourceDate "2018.02.23"]
[SourceVersion "1"]
[SourceVersionDate "2018.02.23"]
[SourceQuality "1"]

1. e4 d5 2. exd5 Qxd5 3. Nf3 Bg4 4. Be2 Nc6 5. 0-0 0-0-0 6. h3 Bh5 7. Nc3 Qd7 8. Rb1 e6 9. a3 Nf6 10. b4 Be7 11. d3 Kb8 12. Be3 Bxf3 13. Bxf3 Nd4 14. a4 Nxf3+ 15. Qxf3 Nd5 16. Bd2 Nxc3 17. Bxc3 f6 18. b5 Qd5 19. Rfe1 e5 20. Qxd5 Rxd5 21. d4 Bd6 22. dxe5 fxe5 23. Rbd1 Rxd1 24. Rxd1 Kc8 25. Re1 Re8 26. Re4 Kd7 27. g4 g6 28. Kg2 Re7 29. Bb2 b6 30. f3 Re8 31. h4 Re7 32. Kg3 Re8 33. g5 Re7 34. Kf2 Ke6 35. Ke3 Kd7 36. Rg4 Rf7 37. Ke4 Ke6 38. Bc1 Rd7 39. Rg2 Bc5 40. Rd2 Rxd2 41. Bxd2 Bf2 42. Bc3 Bg3 1/2-1/2

[Event "Karlsruhe Grenke op"]
[Site "Karlsruhe"]
[Date "2017.04.13"]
[Round "1"]
[White "Buhmann, Rainer"]
[Black "Fichter, Fabian"]
[Result "1-0"]
[WhiteElo "2609"]
[BlackElo "2137"]
[PlyCount "53"]
[EventDate "2017.04.13"]
[EventType "swiss"]
[EventRounds "9"]
[EventCountry "GER"]
[SourceTitle "CBM 177 Extra"]
[Source "ChessBase"]
[SourceDate "2017.04.27"]
[SourceVersion "1"]
[SourceVersionDate "2017.04.27"]
[SourceQuality "1"]

1. Nf3 d5 2. d4 e6 3. c4 c6 4. Nbd2 Nd7 5. e4 dxe4 6. Nxe4 Ngf6 7. Bd3 c5 8. 0-0 cxd4 9. Re1 Nc5 10. Nxf6+ gxf6 11. Bf1 d3 12. b4 Nd7 13. a3 a5 14. Rb1 axb4 15. axb4 Ne5 16. Nxe5 fxe5 17. Bxd3 Bg7 18. Bb2 Qg5 19. Re3 f5 20. Rg3 Qe7 21. Qe1 Bf6 22. Bxe5 Rf8 23. c5 Bxe5 24. Qxe5 Bd7 25. Be2 Qf6 26. Bh5+ Ke7 27. Rg7+ 1-0

[Event "Baden-Baden Grenke op 1st"]
[Site "Baden-Baden"]
[Date "2013.02.14"]
[Round "8"]
[White "Fichter, Fabian"]
[Black "Berndt, Matthias"]
[Result "1/2-1/2"]
[WhiteElo "2071"]
[BlackElo "2136"]
[PlyCount "90"]
[EventDate "2013.02.07"]
[EventType "swiss"]
[EventRounds "9"]
[EventCountry "GER"]
[SourceTitle "CBM 152 Extra"]
[Source "ChessBase"]
[SourceDate "2013.02.25"]
[SourceVersion "1"]
[SourceVersionDate "2013.02.25"]
[SourceQuality "1"]

1. e4 e6 2. b3 d5 3. Bb2 dxe4 4. Nc3 Nf6 5. Qe2 Be7 6. Nxe4 c5 7. Nf3 Nbd7 8. 0-0-0 Qc7 9. Kb1 b6 10. d4 Bb7 11. Nxf6+ gxf6 12. Qe3 h5 13. Bb5 0-0-0 14. d5 Nf8 15. dxe6 fxe6 16. Bc4 Bd5 17. Bxd5 Rxd5 18. Rxd5 exd5 19. Re1 Bd8 20. Qe8 d4 21. c3 Qd7 22. Qe4 dxc3 23. Qa8+ Kc7 24. Bxc3 Ne6 25. Kc2 Re8 26. Rd1 Qc6 27. Qxc6+ Kxc6 28. g3 Ng5 29. Nxg5 fxg5 30. Re1 Rf8 31. Re2 g4 32. Be1 Rf5 33. Re8 Kd7 34. Re4 Bf6 35. Kd3 Bd4 36. Ke2 Rf8 37. Rf4 Rxf4 38. gxf4 Ke6 39. Bd2 Kf5 40. Be3 Bg7 41. f3 Bh6 42. b4 cxb4 43. Bxb6 Bxf4 44. fxg4+ hxg4 45. Bc5 Bxh2 1/2-1/2

[Event "Baden-Baden Grenke op 1st"]
[Site "Baden-Baden"]
[Date "2013.02.10"]
[Round "4"]
[White "Fichter, Fabian"]
[Black "Schut, Lisa"]
[Result "1/2-1/2"]
[WhiteElo "2071"]
[BlackElo "2283"]
[PlyCount "42"]
[EventDate "2013.02.07"]
[EventType "swiss"]
[EventRounds "9"]
[EventCountry "GER"]
[SourceTitle "CBM 152 Extra"]
[Source "ChessBase"]
[SourceDate "2013.02.25"]
[SourceVersion "1"]
[SourceVersionDate "2013.02.25"]
[SourceQuality "1"]

1. e4 c5 2. Nf3 d6 3. d4 cxd4 4. Qxd4 a6 5. Be3 Nc6 6. Qd2 Nf6 7. Nc3 Bg4 8. 0-0-0 e6 9. Be2 Be7 10. h3 Bxf3 11. gxf3 Rc8 12. Kb1 b5 13. Rhg1 g6 14. Bf4 Qb6 15. Qe3 Qa5 16. Bxd6 b4 17. Bxe7 Nxe7 18. Qd4 e5 19. Qd6 Rc6 20. Qb8+ Rc8 21. Qd6 Rc6 1/2-1/2

[Event "Boeblingen op 21st"]
[Site "Boeblingen"]
[Date "2004.12.26"]
[Round "1"]
[White "Meijers, Viesturs"]
[Black "Fichter, Fabian"]
[Result "1-0"]
[WhiteElo "2465"]
[BlackElo "1965"]
[PlyCount "95"]
[EventDate "2004.12.26"]
[EventType "swiss"]
[EventRounds "9"]
[EventCountry "GER"]
[SourceTitle "CBM 104 Extra"]
[Source "ChessBase"]
[SourceDate "2005.03.01"]
[SourceVersion "1"]
[SourceVersionDate "2005.03.01"]
[SourceQuality "1"]

1. e4 c5 2. Nf3 e6 3. c3 d5 4. exd5 exd5 5. d4 Nc6 6. Be2 Bf5 7. 0-0 Bd6 8. dxc5 Bxc5 9. Nbd2 Nge7 10. Nb3 Bb6 11. Bg5 0-0 12. Qd2 Qd7 13. Rad1 a6 14. Rfe1 Be6 15. Nbd4 Bxd4 16. Nxd4 Nxd4 17. Qxd4 Nc6 18. Qd2 Qc7 19. Bf3 h6 20. Bh4 Qb6 21. Re2 Rac8 22. h3 Qb5 23. b3 Qa5 24. Re3 Kh8 25. Bg3 Rfd8 26. Rd3 Rd7 27. c4 Qxd2 28. R3xd2 d4 29. Bxc6 Rxc6 30. Rxd4 Rxd4 31. Rxd4 Kh7 32. Bd6 Rc8 33. f3 Kg6 34. Kf2 Rd8 35. Ke3 Rd7 36. Kd2 f6 37. Kc3 Kf7 38. c5 Rd8 39. Kb4 Ke8 40. Ka5 Rd7 41. Kb6 Kd8 42. Rd3 Kc8 43. a4 h5 44. b4 Bf5 45. Re3 Bg6 46. b5 axb5 47. axb5 Bf7 48. Ra3 1-0

[Event "Wuertemberg-ch U14"]
[Site "Germany"]
[Date "2004.04.15"]
[Round "5"]
[White "Rubin, Christian"]
[Black "Fichter, Fabian"]
[Result "0-1"]
[WhiteElo "1504"]
[BlackElo "1708"]
[PlyCount "44"]
[EventDate "2004.04.??"]
[EventType "swiss"]
[EventRounds "7"]
[EventCountry "GER"]
[SourceTitle "EXT 2005"]
[Source "ChessBase"]
[SourceDate "2004.11.15"]
[SourceVersion "1"]
[SourceVersionDate "2004.11.15"]
[SourceQuality "1"]

1. e4 c5 2. f4 d6 3. Nf3 Nc6 4. Nc3 Nf6 5. a4 a6 6. b3 e6 7. Bb2 b6 8. Be2 Bb7 9. 0-0 Be7 10. h3 0-0 11. d3 Qc7 12. Qd2 Rfd8 13. Rad1 Rac8 14. Rf2 Nd7 15. Rdf1 Nb4 16. Ra1 d5 17. exd5 exd5 18. Na2 Nxa2 19. Rxa2 d4 20. Ba3 Bd6 21. Ng5 Nf6 22. Bf3 Bxf4 0-1

[Event "Wuertemberg-ch U14"]
[Site "Germany"]
[Date "2004.04.14"]
[Round "3"]
[White "Schwarz, Felix"]
[Black "Fichter, Fabian"]
[Result "0-1"]
[WhiteElo "1582"]
[BlackElo "1708"]
[PlyCount "68"]
[EventDate "2004.04.??"]
[EventType "swiss"]
[EventRounds "7"]
[EventCountry "GER"]
[SourceTitle "EXT 2005"]
[Source "ChessBase"]
[SourceDate "2004.11.15"]
[SourceVersion "1"]
[SourceVersionDate "2004.11.15"]
[SourceQuality "1"]

1. Nf3 d5 2. g3 c5 3. Bg2 Nc6 4. 0-0 Nf6 5. d3 e5 6. Nbd2 Bd6 7. Re1 0-0 8. e4 d4 9. c3 Be6 10. cxd4 cxd4 11. a3 Rc8 12. Ng5 Bg4 13. Ngf3 h6 14. Nc4 b5 15. Nxd6 Qxd6 16. Bd2 Rc7 17. Qb3 Be6 18. Qxb5 Rb8 19. Bb4 Qd7 20. Qa4 a5 21. Bxa5 Bb3 22. Bxc7 Bxa4 23. Bxb8 Nxb8 24. Nxe5 Qb5 25. Nc4 Bb3 26. Rec1 Bxc4 27. dxc4 Qd7 28. Rd1 Nc6 29. e5 Nxe5 30. b3 d3 31. Rd2 Qd4 32. Rad1 Ne4 33. Bxe4 Qxe4 34. Kf1 Qh1# 0-1

[Event "Wuerttemberg-ch U14"]
[Site "Stuttgart"]
[Date "2003.04.26"]
[Round "7"]
[White "Fichter, Fabian"]
[Black "Hirneise, Tobias"]
[Result "1/2-1/2"]
[WhiteElo "1614"]
[BlackElo "1749"]
[PlyCount "52"]
[EventDate "2003.04.??"]
[EventType "swiss"]
[EventRounds "7"]
[EventCountry "GER"]
[SourceTitle "EXT 2005"]
[Source "ChessBase"]
[SourceDate "2004.11.15"]
[SourceVersion "1"]
[SourceVersionDate "2004.11.15"]
[SourceQuality "1"]

1. e4 c5 2. Nf3 Nc6 3. d4 cxd4 4. Nxd4 Nf6 5. Nc3 e5 6. Ndb5 d6 7. Bg5 a6 8. Na3 b5 9. Nd5 Be7 10. Bxf6 Bxf6 11. Be2 0-0 12. 0-0 Bg5 13. c4 b4 14. Nc2 a5 15. b3 Be6 16. Bg4 g6 17. Bxe6 fxe6 18. Nde3 Qe7 19. Qd3 Rad8 20. Rad1 Qf7 21. Qe2 Qf4 22. Qd3 Qf7 23. Qe2 Qf4 24. Qd3 Bf6 25. Nd5 Qh6 26. Nxf6+ Rxf6 1/2-1/2